عرض عادي
عرض مارك
- التجارة الدولية
دخول Topical Term
001 - CONTROL NUMBER
- control field: 28458
003 - CONTROL NUMBER IDENTIFIER
- control field: AE-AdECS
005 - DATE AND TIME OF LATEST TRANSACTION
- control field: 20260409145429.0
008 - FIXED-LENGTH DATA ELEMENTS
- fixed length control field: 260409|| aca||aabn | a|a d
040 ## - CATALOGING SOURCE
- Original cataloging agency: AE-AdECS
- Transcribing agency: AE-AdECS
150 ## - HEADING--TOPICAL TERM
- Topical term or geographic name entry element: التجارة الدولية
- General subdivision: في قطاع النفط
670 ## - SOURCE DATA FOUND
- Source citation: Work cat.: (AE-AdECS)294676: خيتاوي، محمد مؤلف. 28457, الشركات النفطية متعددة الجنسيات وتأثيرها في العلاقات الدولية /
